| 000 | 00806nam a2200289Ia 4500 | ||
|---|---|---|---|
| 001 | Para_7396 | ||
| 003 | CHAP | ||
| 008 | 220125s1920 xx 000 0 und d | ||
| 010 | _a206263 | ||
| 040 | _cCHAP | ||
| 082 | _aPA-C 634 B85 | ||
| 100 |
_aCollins, J. Franklin _9172524 |
||
| 245 |
_aTree surgery / _c by J. Franklin Collins |
||
| 260 |
_aWashington : _b Department of Agriculture |
||
| 300 | _a32 p. | ||
| 440 |
_aFermers Bulletin; 1178 _9172525 |
||
| 500 | _aEncuadernado con otros impresos similares | ||
| 650 |
_aFruticultura _x colecciones de escritos _9172526 |
||
| 650 |
_aPoda _989467 |
||
| 901 | _aPA-C 634 B85 | ||
| 902 | _aA | ||
| 905 | _a0000001920 0000000000 00 | ||
| 910 | _a1920 | ||
| 942 | _cPARA | ||
| 942 |
_cPARA _d1 |
||
| 999 |
_c206263 _d206263 |
||